Загрузка...
Electronic circuits and Systems: Analog and Digital /
| Главный автор: | |
|---|---|
| Формат: | Printed Book |
| Опубликовано: |
New Delhi:
Tata mcGraw-Hill,
2001.
|
| Предметы: |
| LEADER | 00484cam a2200145ua 4500 | ||
|---|---|---|---|
| 020 | |a 0-07-460-040-0 | ||
| 082 | |a 621.381 5 |b BAP/E | ||
| 100 | 0 | |a Bapat, Y N | |
| 245 | 0 | 0 | |a Electronic circuits and Systems: Analog and Digital / |
| 260 | |a New Delhi: |b Tata mcGraw-Hill, |c 2001. | ||
| 300 | |a 448p.. | ||
| 650 | 0 | |a Electronic circuits | |
| 942 | |c BK | ||
| 999 | |c 4493 |d 4493 | ||
| 952 | |0 0 |1 0 |4 0 |6 621_381000000000000_5_BAP |7 0 |9 4715 |a KUCL |b KUCL |d 2014-05-23 |l 0 |o 621.381 5 BAP/ |p 07764 |r 2014-05-23 |w 2014-05-23 |y BK | ||